000 00551nam a2200193Ia 4500
008 151121s9999||||xx |||||||||||||| ||und||
082 _a813/बोरक
082 _bHNW-48770
100 _aबोरकर वि।ज।
245 _aअनाहत
260 _b"मौज प्रकाशन गृह, मुंबई।"
260 _c--
300 _a94
600 _aबोरकर वि।ज।
630 _aअनाहत
700 _aबोरकर वि।ज।
730 _aअनाहत
942 _cBOOK
999 _c1234166
_d1234163